logo

Bir Sreshtho Munshi Abdur Rouf Library
Jhenaidah Cadet College

The Encyclopedia of New England / (Record no. 14024)

MARC details
000 -LEADER
fixed length control field 00812cam a2200277 a 4500
001 - CONTROL NUMBER
JCCL Control Number 14022
003 - CONTROL NUMBER IDENTIFIER
JCCL marc code BD-JhCC
005 - DATE AND TIME OF LATEST TRANSACTION
control field 20240523143549.0
008 - FIXED-LENGTH DATA ELEMENTS--GENERAL INFORMATION
fixed length control field 820723s1985 nyuab be 001 0deng
020 ## - INTERNATIONAL STANDARD BOOK NUMBER
International Standard Book Number 0871967596
035 ## - SYSTEM CONTROL NUMBER
system control number (BD-JhCC)14022
040 ## - CATALOGING SOURCE
Original cataloging agency DLC
Transcribing agency DLC
Modifying agency DLC
041 ## - LANGUAGE CODE
Language code of Book eng
050 00 - LIBRARY OF CONGRESS CALL NUMBER
Classification number F2
Item number .E43 1985
082 00 - DEWEY DECIMAL CLASSIFICATION NUMBER
Classification number 974.00321
DDC Edition number 19
Author mark and Year BRO 1985
245 04 - TITLE STATEMENT
Title The Encyclopedia of New England /
Statement of responsibility, etc edited by Robert O'Brien with Richard D. Brown.
260 ## - PUBLICATION, DISTRIBUTION, ETC. (IMPRINT)
Place of publication, distribution, etc New York :
Name of publisher, distributor, etc Facts on File, Inc.,
Date of publication, distribution, etc c1985.
300 ## - PHYSICAL DESCRIPTION
Pagination ix, 613 p. :
Other physical details ill., maps ;
Dimensions 26 cm.
500 ## - GENERAL NOTE
General note Includes index.
504 ## - BIBLIOGRAPHY, ETC. NOTE
Bibliography, etc Bibliography: p. 554-557.
651 #0 - SUBJECT ADDED ENTRY--GEOGRAPHIC NAME
Geographic name New England
General subdivision Encyclopedias.
700 1# - ADDED ENTRY--PERSONAL NAME
Personal name O'Brien, Robert,
Dates associated with a name 1932-
700 1# - ADDED ENTRY--PERSONAL NAME
Personal name Brown, Richard D.
710 2# - ADDED ENTRY--CORPORATE NAME
Corporate name or jurisdiction name as entry element Facts on File, Inc.
942 ## - ADDED ENTRY ELEMENTS (KOHA)
Source of classification or shelving scheme Dewey Decimal Classification
Koha item type Books
Holdings
Source of classification or shelving scheme Damaged status Not for loan Home library Current library Shelving location Date of accession Total Checkouts Full call number Barcode Date last seen Copy number Method of acquisition Koha item type Currency
Dewey Decimal Classification     JCC Rouf Library JCC Rouf Library General Stacks     974.00321 BRO 1985 19427 05/23/2024 C-1 Purchase Books BDT

JCC Library | Contacts | JCC Home

Last Update on 23 September 2017
Copyright @ 2017-2020 JCC Rouf Library
Rouf Library, Jhenidah Cadet College (JCC), Bangladesh